000 00291nam a2200109Ia 4500
008 230822s1999 xx 000 0 und d
041 _aeng
100 _aLITTLEWOOD M.
245 _aLANDSCAPE DETAILING VOLL - I , ENCLOSURE IIIRD EDITION.
260 _bC.B.S PUBLISHERS
_c1999
300 _a193
999 _c855555
_d855555